| 000 | 00713nam a2200229 a 4500 | ||
|---|---|---|---|
| 008 | |||
| 020 | _a0412051419 (cased) | ||
| 049 | _aMAIN | ||
| 090 | _aQA315 | ||
| 100 | 1 | _aWan, Frederick Y. M. | |
| 245 | 1 | 0 |
_aIntroduction to the calculus of variations and its applications / _cFrederick Y.M. Wan. |
| 260 |
_aNew York : _bChapman & Hall, _cc1995. |
||
| 300 |
_axviii, 638 p. : _bill. ; _c24 cm. |
||
| 504 | _aIncludes bibliographical references : p. 621-625. | ||
| 500 | _aIncludes index. | ||
| 650 | 0 | _aCalculus of variations. | |
| 907 |
_a.b10040262 _b26-05-04 _c17-04-03 |
||
| 003 | |||
| 005 | 20230123133207.0 | ||
| 040 | _cNUST | ||
| 942 |
_cBOOKS _kQA315 |
||
| 999 |
_c144346 _d144346 |
||